000
00197nam a2200073Ia 4500
008
170524s9999 xx 000 0 und d
100
_a
KOVWAR- RK
245
0
_a
CREATING MARKETS ACROSS THE GLOBE
260
_b
VRINDA PUBLICATION DELHI
999
_c
7985
_d
7985